Shatranj ke mohre(शतरंज के मोहरे ) (Record no. 113198)

MARC details
000 -LEADER
fixed length control field 00469 a2200169 4500
005 - DATE AND TIME OF LATEST TRANSACTION
control field 20251110104131.0
008 - FIXED-LENGTH DATA ELEMENTS--GENERAL INFORMATION
fixed length control field 250306b |||||||| |||| 00| 0 eng d
020 ## - INTERNATIONAL STANDARD BOOK NUMBER
International Standard Book Number 9788126315413
080 ## - UNIVERSAL DECIMAL CLASSIFICATION NUMBER
Universal Decimal Classification number FH
Item number NAG/S
100 ## - MAIN ENTRY--PERSONAL NAME
Personal name Nagar,Amritlal
245 ## - TITLE STATEMENT
Title Shatranj ke mohre(शतरंज के मोहरे )
250 ## - EDITION STATEMENT
Edition statement 14th ed.
260 ## - PUBLICATION, DISTRIBUTION, ETC. (IMPRINT)
Name of publisher, distributor, etc Bharatiya Jnanpith
Place of publication, distribution, etc New Delhi.
Date of publication, distribution, etc 2016.
300 ## - PHYSICAL DESCRIPTION
Extent 298p.
653 ## - INDEX TERM--UNCONTROLLED
Uncontrolled term Fiction-Novel-Hindi Literature
942 ## - ADDED ENTRY ELEMENTS (KOHA)
item type Under processing
Holdings
Lost status Source of classification or shelving scheme Not for loan Home library Current library Date acquired Cost, normal purchase price Total Checkouts Full call number Barcode Date last seen Cost, replacement price Price effective from Koha item type
  Universal Decimal Classification   University Library University Library 29/01/2024 182.00   FH NAG/S 00095793 29/01/2024 280.00 29/01/2024 Books
University Library, CUSAT